000 00872nam a22002297a 4500
005 20240530110546.0
008 160528s2014 ua a g 000 0 ara d
040 _aEG-CaGPL
082 0 4 _221
_a302.2301\
_bح ن
100 0 _aحسنين شفيق .
245 1 0 _aنظريات الاعلام و تطبيقاتها فى دراسات الاعلام الجديد و مواقع التواصل الاجتماعى /
_cحسنين شفيق .
250 _aط.1
260 _aالقاهرة :
_bدار فكر و فن للطباعة و التوزيع ،
_c2014 .
300 _a281 ص ؛
_c24 سم .
650 0 4 _aالاعلام
_xنظريات .
650 0 4 _aالفيس بوك
650 0 4 _aالدرشة الالكترونية
650 0 4 _aوسائل الاعلام .
650 0 4 _aالانترنت .
942 _2ddc
_cBK
999 _c62359
_d62359